Scottish home ownership on the increase (Record no. 118362)

MARC details
000 -LEADER
fixed length control field 01036cam a2200217 4500
001 - CONTROL NUMBER
control field WB@3612-520
008 - FIXED-LENGTH DATA ELEMENTS--GENERAL INFORMATION
fixed length control field 041124n2004 000 0 eng u
035 ## - SYSTEM CONTROL NUMBER
System control number (Sirsi) u128097
245 ## - TITLE STATEMENT
Title Scottish home ownership on the increase
260 ## - PUBLICATION, DISTRIBUTION, ETC.
Date of publication, distribution, etc. 2004
490 ## - SERIES STATEMENT
Series statement Bank of Scotland Press Release
Volume/sequential designation 19 November 2004 (6)
520 ## - SUMMARY, ETC.
Summary, etc. Scotland has one of the lowest levels of owner occupation in the UK (64%), but has seen the fastest growth in home ownership in the past ten years (12%) - three times the average UK growth. The right to buy scheme has been a key factor behind the increase in Scottish home ownership. The highest level of owner occupation in Scotland is in East Renfrewshire, where 83% of all householders are homeowners - well above the UK average of 70%. http://www.hbosplc.com/economy/ResearchReleases.as p
590 ## - LOCAL NOTE (RLIN)
Local note WB
590 ## - LOCAL NOTE (RLIN)
Local note WB
650 ## - SUBJECT ADDED ENTRY--TOPICAL TERM
Topical term or geographic name entry element OWNER-OCCUPATION
650 ## - SUBJECT ADDED ENTRY--TOPICAL TERM
Topical term or geographic name entry element HOME OWNERSHIP
650 ## - SUBJECT ADDED ENTRY--TOPICAL TERM
Topical term or geographic name entry element HOUSING-MARKET
650 ## - SUBJECT ADDED ENTRY--TOPICAL TERM
Topical term or geographic name entry element SCOTLAND
690 ## - LOCAL SUBJECT ADDED ENTRY--TOPICAL TERM (OCLC, RLIN)
Topical term or geographic name as entry element HOUSING-OWNER OCCUPIED
942 ## - ADDED ENTRY ELEMENTS (KOHA)
Suppress in OPAC 0
Holdings
Withdrawn status Lost status Source of classification or shelving scheme Damaged status Not for loan Home library Current library Shelving location Date acquired Total Checkouts Full call number Barcode Date last seen Copy number Price effective from Koha item type
    Dewey Decimal Classification     London London News article 24/11/2004   WB4045-13 128097-1001 06/08/2019 1 06/08/2019 News article